000 00583nam a22001697a 4500
008 160108b xxu||||| |||| 00| 0 eng d
020 _a9789710438082
082 _22014
_aDFil 516.3
_bY52
100 _91502
_aYmas, Sergio E.
245 _aAnalytic geometry:
_bwith more application and special topics/
_cSergio E. Ymas and Dolores G. Barcelon.
260 _aManila:
_bSta. Monica Printing Corporation,
_cc2014.
300 _a306 pages:
_billustrations;
_c25 cm.
650 0 _91503
_aGeometry, Analytic
700 _91504
_aDolores G. Barcelon.
365 _b525.00
_cPhp
942 _2ddc
_cBK
999 _c570
_d570